000 00427nam a22001457a 4500
008 250624b |||||||| |||| 00| 0 eng d
020 _a101592534317
050 _aN2195.04
_b.V53
100 _aVidiella Alex Sanchez
245 _aAtlas of the office of interiors
260 _aBeverly MA
_bRocket port publishers
_c2008
300 _a599p.
_bill.
650 _aOffice decorations
_vOffice layout-designs and plan
942 _cBK
999 _c3959
_d3959